Normal view
MARC view
Entry Personal Name
001 - CONTROL NUMBER
- control field: 22113
003 - CONTROL NUMBER IDENTIFIER
- control field: ARRUPE
005 - DATE AND TIME OF LATEST TRANSACTION
- control field: 20160209115638.0
008 - FIXED-LENGTH DATA ELEMENTS
- fixed length control field: 160209|| aca||aabn | a|a d
040 ## - CATALOGING SOURCE
- Original cataloging agency: ARRUPE
- Transcribing agency: ARRUPE
100 ## - HEADING--PERSONAL NAME
- Personal name: Rhodes, Cecil John
- Dates associated with a name: 1853-1902.
670 ## - SOURCE DATA FOUND
- Source citation: Work cat.: (ARRUPE)0: Michell, Lewis, 1842-1928. 22112, The life of the Rt. Hon. Cecil John Rhodes, 1853-1902 /, 1910.